00341nam a2200109Ia 4500008004100000082000800041100001700049245004700066942000600113952009700119999001500216240331s9999 xx 000 0 und d bWOM aKumar, N. ed 0aWomen as subjects :bSouth Asian histories cL 001040708LaWERCLbWERCLcSSCd2024-03-31l0o 305.4 WOMp2116r2024-03-31w2024-03-31yL c1850d1850